|
|
|
|
| LEADER |
00789nta a2200205 i 4500 |
| 001 |
dipl108409 |
| 005 |
20210310082259.0 |
| 008 |
210310s2021 hu om 0|| zxx d |
| 040 |
|
|
|a SZTE Diploma Repozitórium
|b hun
|
| 041 |
|
|
|a zxx
|
| 100 |
1 |
|
|a Nagy Bence Márk
|
| 245 |
1 |
2 |
|a A magyarországi sportszponzoráció a kézilabda példáján keresztül
|h [elektronikus dokumentum] /
|c Bence Márk Nagy
|
| 246 |
1 |
0 |
|a Sponsorship in Hungary through the example of handball
|h [elektronikus dokumentum]
|
| 260 |
|
|
|c 2021
|
| 650 |
|
4 |
|a Gazdaságtudományok
|
| 650 |
|
4 |
|a Social sciences
|
| 650 |
|
4 |
|a Economics and business
|
| 650 |
|
4 |
|a Business and management
|
| 700 |
2 |
|
|a Kecse-Nagy Sándor
|e ths
|
| 856 |
4 |
0 |
|u http://diploma.bibl.u-szeged.hu/id/eprint/108409/1/2020_nagy_bence_mark.pdf
|z Dokumentum-elérés
|